000 00721nam a2200205Ia 4500
005 20260121110108.0
008 008 260114s9999 xx 000 0 hin d
020 _a9788132357902
037 _aEBOOK
040 _aCRL
_bhin
_cCRL
041 _ahin
_2hin
084 _qCRL
100 _aवीरेंद्र सिंह / Virendra Singh
_9941984
245 0 _aभारत का आर्थिक विकास एवं लघु व्यवसाय / Bharat Ka Arthik Vikas Aur Laghu Vyavsay
260 _bभाषा प्रकाशन / Bhasha Prakashan
_c2021
856 _uhttps://bhashaprakashan.com/product-details/378931
942 _cEBOOK
999 _c1533649
_d1533649